The return of Sherlock Holmes / (Record no. 174636)
[ view plain ]
| 000 -LEADER | |
|---|---|
| fixed length control field | 01049cam a2200265 a 4500 |
| 001 - CONTROL NUMBER | |
| control field | 3908497 |
| 003 - CONTROL NUMBER IDENTIFIER | |
| control field | Nust |
| 005 - DATE AND TIME OF LATEST TRANSACTION | |
| control field | 20170204152117.0 |
| 008 - FIXED-LENGTH DATA ELEMENTS--GENERAL INFORMATION | |
| fixed length control field | 910604s1991 nyua 000 1 eng |
| 010 ## - LIBRARY OF CONGRESS CONTROL NUMBER | |
| LC control number | 91062130 |
| 020 ## - INTERNATIONAL STANDARD BOOK NUMBER | |
| International Standard Book Number | 9781853260582 |
| 040 ## - CATALOGING SOURCE | |
| Original cataloging agency | DLC |
| Transcribing agency | DLC |
| Modifying agency | DLC |
| 050 00 - LIBRARY OF CONGRESS CALL NUMBER | |
| Classification number | PR4622 |
| Item number | .R48 1991 |
| 082 00 - DEWEY DECIMAL CLASSIFICATION NUMBER | |
| Classification number | 823.8 |
| Author Mark | DOY |
| 100 1# - MAIN ENTRY--PERSONAL NAME | |
| Personal name | Doyle, Arthur Conan, |
| Dates associated with a name | 1859-1930. |
| 245 14 - TITLE STATEMENT | |
| Title | The return of Sherlock Holmes / |
| Statement of responsibility, etc. | Sir Arthur Conan Doyle ; |
| 260 ## - PUBLICATION, DISTRIBUTION, ETC. | |
| Place of publication, distribution, etc. | Pleasantville, N.Y. : |
| Name of publisher, distributor, etc. | Reader's Digest Association, |
| Date of publication, distribution, etc. | 1991. |
| 300 ## - PHYSICAL DESCRIPTION | |
| Extent | 318 p. : |
| Dimensions | 24 cm. |
| 490 0# - SERIES STATEMENT | |
| Series statement | World's best reading |
| 600 10 - SUBJECT ADDED ENTRY--PERSONAL NAME | |
| Personal name | Holmes, Sherlock |
| Form subdivision | Fiction. |
| 650 #0 - SUBJECT ADDED ENTRY--TOPICAL TERM | |
| Topical term or geographic name entry element | Detective and mystery stories, English. |
| 906 ## - LOCAL DATA ELEMENT F, LDF (RLIN) | |
| a | 7 |
| b | cbc |
| c | orignew |
| d | 2 |
| e | opcn |
| f | 19 |
| g | y-gencatlg |
| 942 ## - ADDED ENTRY ELEMENTS (KOHA) | |
| Source of classification or shelving scheme | |
| Koha item type | Book |
| Withdrawn status | Lost status | Source of classification or shelving scheme | Damaged status | Not for loan | Permanent Location | Current Location | Date acquired | Total Checkouts | Full call number | Barcode | Date last seen | Date last checked out | Copy number | Price effective from | Koha item type |
|---|---|---|---|---|---|---|---|---|---|---|---|---|---|---|---|
| Central Library (CL) | Central Library (CL) | 02/04/2017 | 4 | 823 DOY | CL1305 | 10/05/2020 | 09/10/2020 | 1 | 02/04/2017 | Book |
